书目信息 |
| 题名: |
校园安全
|
|
| 作者: | ;教育部 , 教育部 组织编写 | |
| 分册: | ||
| 出版信息: | 北京 北京师范大学出版社 2014 |
|
| 页数: | 396页 | |
| 开本: | 23cm | |
| 丛书名: | 全国中小学校长“十一五”专题培训系列教材 | |
| 单 册: | ||
| 中图分类: | G474 | |
| 科图分类: | ||
| 主题词: | 学校--xue xiao--安全管理--中小学 | |
| 电子资源: | ||
| ISBN: | 978-7-303-09488-2 | |
| 000 | 00932nam 2200265 45 | |
| 001 | 012001004821 | |
| 005 | 20140125112742.0 | |
| 010 | @a978-7-303-09488-2@dCNY45.00 | |
| 099 | @aCAL 012009007378 | |
| 100 | @a20081230d2008 km y0chiy50 ea | |
| 101 | 0 | @achi |
| 102 | @aCN@b110000 | |
| 105 | @ay z 000yy | |
| 106 | @ar | |
| 200 | 1 | @a校园安全@Axiao yuan an quan@f教育部人事司, 教育部基础教育司组织编写 |
| 210 | @a北京@c北京师范大学出版社@d2014 | |
| 215 | @a396页@d23cm | |
| 225 | 2 | @a全国中小学校长“十一五”专题培训系列教材@Aquan guo zhong xiao xue xiao zhang “ shi yi wu ” zhuan ti pei xun xi lie jiao cai |
| 410 | 0 | @12001@a全国中小学校长“十一五”专题培训系列教材 |
| 606 | 0 | @a学校@Axue xiao@x安全管理@x中小学 |
| 690 | @aG474@v4 | |
| 711 | 02 | @a教育部@Ajiao yu bu@b人事司@4组织编写 |
| 711 | 02 | @a教育部@Ajiao yu bu@b基础教育司@4组织编写 |
| 801 | 0 | @aCN@b江苏凤凰@c20191020 |
| 905 | @b1239487-90@dG474@e217@f4 | |
| 校园安全/教育部人事司, 教育部基础教育司组织编写.-北京:北京师范大学出版社,2014 |
| 396页;23cm.-(全国中小学校长“十一五”专题培训系列教材) |
| ISBN 978-7-303-09488-2:CNY45.00 |
| ● |
| 相关链接 |
|
|
|
|
正题名:校园安全
索取号:G474/217
 
预约/预借
| 序号 | 登录号 | 条形码 | 馆藏地/架位号 | 状态 | 备注 |
| 1 | 1239487 | 212394871 | 第一样本阅览室/ [索取号:G474/217] | 在馆 | |
| 2 | 1239488 | 212394880 | 教育系资料室/ [索取号:G474/217] | 在馆 | |
| 3 | 1239489 | 212394899 | 教育系资料室/ [索取号:G474/217] | 在馆 | |
| 4 | 1239490 | 212394906 | 第四借阅区/ [索取号:G474/217] | 在馆 |